LEADER 01095nam a2200265 u 4500 001 000000010314 003 CaOOAMICUS 005 20070226105314.0 008 940516s1956 it u000 u ita u 035 $a10256077 040 $aMSA$bita 100 1 $aBorrello, Oreste.$0(OLS)http://pul/name/10174 245 12$aL'estetica dell'esistenzialismo. 260 $aMessina ;$aFirenze :$bG. D'Anna,$c[1956] 300 $a327 p. ;$c22 cm 490 1 $aBiblioteca di cultura contemporanea ;$v50 650 4$aEstetica moderna$ySec. XX.$0(OLS)http://pul/subject/8237 650 4$aEsistenzialismo.$0(OLS)http://pul/subject/1923 830 0$aBiblioteca di cultura contemporanea (Casa editrice G. D'Anna) ;$v50.$0(OLS)http://pul/title/14876 850 $aPUL 852 $aPUL$W1$xSL Filosofia 1$y2$m94 E 44$j14691$nBK-PRI$b $qStampati$B14691$CPULBib$Z2$F14691 $H $81 941 1 $a8 961 $aINV: 45817 996 $6245$aL'estetica dell'esistenzialismo$9(OLS)http://pul/title/15095 996 $6260$aMessina ;$aFirenze :$bG. D'Anna$9(OLS)http://pul/publisher/52768 LEADER 01150nam a2200277 u 4500 001 000000010841 003 CaOOAMICUS 005 20070226105348.0 008 940516s1937 it u000 u lat u 035 $a10269059 040 $aPUL$bita 100 1 $aPrzybylski, Bernardus.$0(OLS)http://pul/name/10577 245 10$aDe mariologia sancti Irenaei Lugdunensis /$cdisseruit Bernardus Przybylski. 260 $aRomae :$b[s.n.],$c1937. 300 $axi, 116 p. ;$c24 cm 500 $aComprende indici. 504 $aBibliografia: p. vii-xi. 600 04$aMaria Virgo,$cs.$xTeologia.$0(OLS)http://pul/subject/848 600 04$aIrenaeus Lugdunensis,$cs., $d130/149-c. 198.$0(OLS)http://pul/subject/7955 850 $aPUL 852 $aPUL$W1$xDP1 Fondo Cecchetti$y53$m261 A 6$j15364$nBK-PRI$b $qFondi$B15364$CPULBib$Z2$F15364 $HPUL8304 $81 941 1 $a1 960 $aIrénée de Lyon ,$cs., vesc.,$dm. 202$97955 960 $aIreneo,$cs., vesc. di Lione,$dm. 202$97955 996 $6245$aDe mariologia sancti Irenaei Lugdunensis$9(OLS)http://pul/title/15787 996 $6260$aRomae :$b[s.n.]$9(OLS)http://pul/publisher/48223